[Event "DSOL 2021"]
[Site "Germany"]
[Date "2021.03.02"]
[Round "5.3"]
[White "Seidel, Mika"]
[Black "Esser, Jochen"]
[Result "1/2-1/2"]
[WhiteElo "1966"]
[BlackElo "1998"]
[Annotator "TA"]
[PlyCount "94"]
[EventDate "2021.01.18"]
[EventType "team-tourn"]
[EventCountry "GER"]
[SourceTitle "playchess.com"]
[Source "ChessBase"]
[SourceQuality "1"]

1. c4 Nf6 2. Nf3 g6 3. g3 Bg7 4. Bg2 O-O 5. O-O d6 6. d4 Nc6 7. Nc3 Bg4 8. Qd2 Bxf3 9. Bxf3 Nd7 10. e3 e5 11. d5 Ne7 12. Bg2 f5 13. b3 e4 14. Bb2 Nc5 15. Rad1 a5 16. f3 exf3 17. Bxf3 Kh8 18. Rfe1 Ng8 19. e4 fxe4 20. Bxe4 Nf6 21. Bg2 Qd7 22. Re2 Rae8 23. Rde1 Rxe2 24. Nxe2 Nfe4 25. Bxg7+ Qxg7 26. Qd4 Re8 27. Qxg7+ Kxg7 28. Nd4 Kf7 29. Nb5 Nf6 30. Rxe8 Nxe8 31. Kf2 Kf6 32. Ke3 Ke5 33. Nd4 Nf6 34. Bf3 h6 35. Nb5 Na6 36. h3 g5 37. Nd4 Nc5 38. g4 Ng8 39. Nf5 h5 40. Bd1 hxg4 41. hxg4 Nf6 42. Bf3 Nfd7 43. Nd4 Nf6 44. Nb5 Na6 45. Nd4 Nc5 46. Nb5 Na6 47. Nd4 Nc5 1/2-1/2

[Event "DSOL 2021"]
[Site "Germany"]
[Date "2021.03.01"]
[Round "5.3"]
[White "Kaiser, Sebastian"]
[Black "Hilker, Bjoern"]
[Result "1/2-1/2"]
[WhiteElo "1943"]
[BlackElo "1997"]
[Annotator "TA"]
[PlyCount "86"]
[EventDate "2021.01.18"]
[EventType "team-tourn"]
[EventCountry "GER"]
[SourceTitle "playchess.com"]
[Source "ChessBase"]
[SourceQuality "1"]

1. d4 d5 2. Nf3 e6 3. c4 c5 4. e3 Nc6 5. Nc3 Nf6 6. a3 Be7 7. dxc5 Bxc5 8. b4 Bd6 9. c5 Bc7 10. Bb2 O-O 11. Be2 e5 12. Nb5 Bb8 13. O-O a6 14. Nc3 Bg4 15. Na4 Qc7 16. g3 Ba7 17. Re1 Rad8 18. Qc2 Rfe8 19. Rad1 Qc8 20. Nh4 Bxe2 21. Qxe2 d4 22. Qf1 Qg4 23. f3 Qe6 24. Qe2 Qb3 25. Nb6 Bxb6 26. cxb6 dxe3 27. Nf5 Nd5 28. Rd3 Qc4 29. Nxe3 Nxe3 30. Rxe3 Qxe2 31. R1xe2 f6 32. f4 Kf7 33. fxe5 fxe5 34. Bxe5 Nxe5 35. Rxe5 Rxe5 36. Rxe5 Rd6 37. Rc5 Rxb6 38. Rc7+ Kf6 39. Kg2 Rb5 40. h3 h5 41. Kf3 a5 42. bxa5 Rxa5 43. Rxb7 Rxa3+ 1/2-1/2

[Event "DSOL 2021"]
[Site "Germany"]
[Date "2021.03.01"]
[Round "5.3"]
[White "Rein, Joachim"]
[Black "Reuker, Jari"]
[Result "0-1"]
[WhiteElo "1934"]
[BlackElo "2423"]
[Annotator "TA"]
[PlyCount "52"]
[EventDate "2021.01.18"]
[EventType "team-tourn"]
[EventCountry "GER"]
[SourceTitle "playchess.com"]
[Source "ChessBase"]
[SourceQuality "1"]

1. f4 d5 2. Nf3 Nf6 3. e3 c5 4. d4 Bf5 5. c3 e6 6. Be2 Nc6 7. O-O Bd6 8. Ne5 h6 9. Nd2 g5 10. Nxc6 bxc6 11. Nf3 Qb6 12. Ne5 gxf4 13. exf4 Ke7 14. b3 Ne4 15. Bb2 Rhg8 16. Qe1 f6 17. Qh4 Rg7 18. Bf3 Rag8 19. Rad1 a5 20. c4 a4 21. cxd5 cxd5 22. Kh1 c4 23. bxc4 Qxb2 24. Rb1 Nf2+ 25. Qxf2 Qxf2 26. Rxf2 Bxb1 0-1

[Event "DSOL 2021"]
[Site "Germany"]
[Date "2021.03.01"]
[Round "5.3"]
[White "Gast, Rainer"]
[Black "Brockmann, Fabian"]
[Result "0-1"]
[WhiteElo "1932"]
[BlackElo "1609"]
[Annotator "TA"]
[PlyCount "68"]
[EventDate "2021.01.18"]
[EventType "team-tourn"]
[EventCountry "GER"]
[SourceTitle "playchess.com"]
[Source "ChessBase"]
[SourceQuality "1"]

1. d4 c5 2. d5 Nf6 3. c4 b5 4. cxb5 a6 5. bxa6 g6 6. Nc3 Bxa6 7. Nf3 d6 8. g3 Bg7 9. e4 Bxf1 10. Kxf1 O-O 11. Kg2 Nbd7 12. Re1 Ng4 13. a4 Qb6 14. Nb5 Rfb8 15. Qc2 Rc8 16. h3 Ngf6 17. Be3 Qb7 18. Ra3 Nb6 19. b3 Nfd7 20. Nd2 f5 21. f3 fxe4 22. fxe4 Ne5 23. Nc4 Ra6 24. Bd2 Rca8 25. Nxe5 Bxe5 26. Bc3 Nd7 27. Rb1 Bxc3 28. Nxc3 Qb4 29. Raa1 Ne5 30. Nb5 Rc8 31. Qc3 Qxe4+ 32. Kg1 Nf3+ 33. Kf1 Rf8 34. Rd1 Nh4+ 0-1

[Event "DSOL 2021"]
[Site "Germany"]
[Date "2021.03.05"]
[Round "5.3"]
[White "Browning, Rebecca"]
[Black "Cuadrado, Guillermo"]
[Result "0-1"]
[WhiteElo "1918"]
[BlackElo "2114"]
[Annotator "TA"]
[PlyCount "64"]
[EventDate "2021.01.18"]
[EventType "team-tourn"]
[EventCountry "GER"]
[SourceTitle "playchess.com"]
[Source "ChessBase"]
[SourceQuality "1"]
[WhiteTeam "SG Porz II"]
[BlackTeam "SC Roter Turm Altstadt I"]

1. e4 c5 2. c3 d5 3. exd5 Qxd5 4. d4 Nf6 5. Nf3 e6 6. Be2 Nc6 7. O-O cxd4 8. cxd4 Be7 9. Nc3 Qd6 10. h3 O-O 11. Be3 b6 12. Rc1 Bb7 13. Nb5 Qd8 14. a3 Rc8 15. Ne5 Nxe5 16. dxe5 Nd5 17. Rxc8 Qxc8 18. Nxa7 Qb8 19. Nb5 Nxe3 20. fxe3 Qxe5 21. Qd4 Qg5 22. Rf2 Bc5 23. Qf4 Qxf4 24. exf4 Rd8 25. Kf1 Bxf2 26. Kxf2 Rd2 27. b3 Bxg2 28. Kxg2 Rxe2+ 29. Kf3 Rb2 30. b4 Rb3+ 31. Ke4 Rxh3 32. Ke5 Rh5+ 0-1

[Event "DSOL 2021"]
[Site "Germany"]
[Date "2021.03.02"]
[Round "5.3"]
[White "De Albuquerque Mello Pereira, Felipe"]
[Black "Hartmann, Wolfgang"]
[Result "1-0"]
[WhiteElo "1906"]
[BlackElo "1917"]
[Annotator "TA"]
[PlyCount "85"]
[EventDate "2021.01.18"]
[EventType "team-tourn"]
[EventCountry "GER"]
[SourceTitle "playchess.com"]
[Source "ChessBase"]
[SourceQuality "1"]

1. Nf3 Nf6 2. c4 e6 3. Nc3 d5 4. e3 Be7 5. b3 O-O 6. Bb2 c5 7. cxd5 exd5 8. d4 b6 9. Rc1 Nbd7 10. Bd3 Bb7 11. O-O Rc8 12. Ne2 Re8 13. Nf4 Ne4 14. Ne5 Bf6 15. Nxd7 Qxd7 16. Qe2 cxd4 17. Bb5 Bc6 18. Bxc6 Rxc6 19. Qb5 Rd6 20. Qxd7 Rxd7 21. Bxd4 Bxd4 22. exd4 Nf6 23. Rc2 Rde7 24. f3 g6 25. Kf2 Kg7 26. Rfc1 g5 27. Nd3 Nd7 28. Nb4 Nf6 29. Nc6 Rc7 30. Ne5 Rxc2+ 31. Rxc2 Re7 32. b4 Ne8 33. a4 Rc7 34. Rxc7 Nxc7 35. b5 f6 36. Nc6 a6 37. a5 axb5 38. axb6 Na6 39. b7 Kf7 40. b8=Q Nxb8 41. Nxb8 Ke6 42. Nc6 Kd6 43. Nb4 1-0

[Event "DSOL 2021"]
[Site "Germany"]
[Date "2021.03.04"]
[Round "5.3"]
[White "Rose, Torsten"]
[Black "Kuerschner, Liam"]
[Result "0-1"]
[WhiteElo "1895"]
[BlackElo "1685"]
[Annotator "NA RC"]
[PlyCount "64"]
[EventDate "2021.01.18"]
[EventType "team-tourn"]
[EventCountry "GER"]
[SourceTitle "playchess.com"]
[Source "ChessBase"]
[SourceQuality "1"]

1. d4 Nf6 2. c4 e5 3. dxe5 Ng4 4. Nf3 Nc6 5. Bf4 Bb4+ 6. Nbd2 Qe7 7. a3 Ngxe5 8. Nxe5 Nxe5 9. e3 Bxd2+ 10. Qxd2 d6 11. Be2 Bd7 12. Qa5 Bc6 13. O-O O-O 14. Rad1 a6 15. Qc3 Rfe8 16. b4 b6 17. Rd2 Bb7 18. Rfd1 Qf6 19. Qc2 Ng6 20. Bg3 Nh4 21. Bxh4 Qxh4 22. Rd4 Re4 23. f3 Rxd4 24. exd4 Re8 25. Bd3 Qxd4+ 26. Kf1 Qh4 27. g3 Qh3+ 28. Qg2 Qxg2+ 29. Kxg2 Re3 30. Kf2 Rxf3+ 31. Ke2 Rf6 32. c5 Bf3+ 0-1

[Event "DSOL 2021"]
[Site "Germany"]
[Date "2021.03.03"]
[Round "5.3"]
[White "Schulz, Bernd"]
[Black "Klapper, Juergen"]
[Result "0-1"]
[WhiteElo "1894"]
[BlackElo "1885"]
[Annotator "NA RC"]
[PlyCount "72"]
[EventDate "2021.01.18"]
[EventType "team-tourn"]
[EventCountry "GER"]
[SourceTitle "playchess.com"]
[Source "ChessBase"]
[SourceQuality "1"]

1. e4 c5 2. c3 e6 3. d4 d5 4. exd5 Qxd5 5. Nf3 Nc6 6. Be2 Nf6 7. O-O Be7 8. Be3 O-O 9. dxc5 Qxd1 10. Rxd1 Ng4 11. Bf4 Bxc5 12. Bg3 e5 13. h3 Nf6 14. b4 Bb6 15. b5 Ne4 16. Kf1 Nxg3+ 17. fxg3 e4 18. bxc6 exf3 19. Bxf3 bxc6 20. Bxc6 Ba6+ 21. Ke1 Rac8 22. Bf3 Rfe8+ 23. Kd2 Ba5 24. Kc2 Re3 25. Kb2 Bd3 26. Rc1 Rb8+ 27. Ka3 Bb6 28. Nd2 Bc5+ 29. Ka4 Re6 30. Nb3 Ra6+ 31. Na5 Bb6 32. Kb4 Bxa5+ 33. Kc5 Bb6+ 34. Kd5 Ra5+ 35. Kd6 Rd8+ 36. Kc6 Rc5+ 0-1

[Event "DSOL 2021"]
[Site "Germany"]
[Date "2021.03.05"]
[Round "5.3"]
[White "Fenski, Matthias"]
[Black "Wolf, Jonas"]
[Result "1-0"]
[WhiteElo "1890"]
[BlackElo "1634"]
[Annotator "NA RC"]
[PlyCount "145"]
[EventDate "2021.01.18"]
[EventType "team-tourn"]
[EventCountry "GER"]
[SourceTitle "playchess.com"]
[Source "ChessBase"]
[SourceQuality "1"]
[WhiteTeam "Lübecker SV"]
[BlackTeam "fuß brothers Jena I"]

1. c4 Nf6 2. g3 g6 3. Bg2 d5 4. cxd5 Nxd5 5. Nc3 Nxc3 6. bxc3 Bg7 7. d4 O-O 8. Nf3 c5 9. O-O Nc6 10. Rb1 cxd4 11. cxd4 Nxd4 12. Nxd4 Qxd4 13. Qxd4 Bxd4 14. Bh6 Re8 15. Bxb7 Bxb7 16. Rxb7 Rab8 17. Rfb1 Bb6 18. Rxb8 Rxb8 19. Kg2 Rd8 20. Rc1 f6 21. h4 Kf7 22. Rc2 Ke6 23. Kf3 Rd1 24. Be3 Bxe3 25. Kxe3 Rd6 26. Rc3 Ra6 27. a3 Ra4 28. Kd3 Kd5 29. Rb3 h5 30. Kc2 g5 31. hxg5 fxg5 32. Rb5+ Kc4 33. Rxg5 Rxa3 34. Re5 a5 35. Re4+ Kd5 36. Rxe7 h4 37. gxh4 Ra4 38. h5 Rh4 39. Ra7 a4 40. Kd2 Kc5 41. h6 Kb6 42. Ra8 Kb7 43. Ra5 Kb6 44. Ra8 Kb7 45. Re8 Rxh6 46. Kc3 Kc6 47. Re4 Kb5 48. Re5+ Kb6 49. e3 Rh1 50. Kb4 Ra1 51. f4 Kc6 52. Ra5 Re1 53. Re5 Ra1 54. f5 Kd6 55. Re6+ Kd7 56. e4 Rg1 57. Kxa4 Rb1 58. e5 Rf1 59. Rd6+ Ke7 60. f6+ Kf7 61. Rd7+ Ke6 62. Re7+ Kd5 63. f7 Kc4 64. Rc7+ Kd5 65. Re7 Kc4 66. Ka5 Kc5 67. Ka6 Kc6 68. Ka7 Ra1+ 69. Kb8 Rb1+ 70. Kc8 Rf1 71. Kd8 Rd1+ 72. Ke8 Ra1 73. f8=Q 1-0

[Event "DSOL 2021"]
[Site "Germany"]
[Date "2021.03.03"]
[Round "5.3"]
[White "Kemmerer, Toni"]
[Black "Born, Bernd-Ludger"]
[Result "1/2-1/2"]
[WhiteElo "1884"]
[BlackElo "2043"]
[Annotator "TA"]
[PlyCount "196"]
[EventDate "2021.01.18"]
[EventType "team-tourn"]
[EventCountry "GER"]
[SourceTitle "playchess.com"]
[Source "ChessBase"]
[SourceQuality "1"]

1. e4 e6 2. Nc3 d5 3. Nf3 Nf6 4. exd5 exd5 5. d4 Be7 6. h3 Nbd7 7. Bf4 c6 8. Bd3 Nf8 9. O-O Ne6 10. Bg3 Qb6 11. Na4 Qa5 12. Nc3 Qb6 13. Na4 Qd8 14. Re1 O-O 15. Nc3 Nh5 16. Be5 Nef4 17. Ne2 Nxd3 18. Qxd3 g6 19. Qe3 Ng7 20. Ng3 f6 21. Bf4 Re8 22. Qd2 Bd7 23. h4 Bg4 24. Nh2 Qd7 25. c3 Bf8 26. Rxe8 Rxe8 27. Re1 Bf5 28. Re2 Rxe2 29. Qxe2 Qe6 30. Qxe6+ Bxe6 31. Bb8 a6 32. Nf3 Kf7 33. Nd2 h5 34. Kf1 Bf5 35. Ke2 Ke6 36. Nb3 Kd7 37. Bf4 b6 38. Nd2 Bc2 39. Nf3 Ne6 40. Bc1 c5 41. Be3 Bd6 42. Nf1 Bb1 43. a3 Nf4+ 44. Bxf4 Bxf4 45. N1d2 Ba2 46. g3 Bd6 47. Ke3 Ke6 48. Kd3 Kf5 49. Kc2 c4 50. Ng1 Bf8 51. Ndf3 Bb3+ 52. Kb1 Bh6 53. Ne2 Bd1 54. Nfg1 b5 55. Nc1 Ke4 56. b3 Bxc1 57. Kxc1 Bxb3 58. Kd2 Ba2 59. f3+ Kf5 60. Ne2 g5 61. Ke3 Bb1 62. Ng1 Bd3 63. Nh3 Bf1 64. Nf2 Bg2 65. g4+ Kg6 66. hxg5 fxg5 67. gxh5+ Kxh5 68. Ng4 Bh3 69. Nf6+ Kh4 70. Nxd5 g4 71. fxg4 Bxg4 72. Nc7 Bc8 73. d5 Kg5 74. Kd4 Kf6 75. Kc5 Ke7 76. Nxb5 axb5 77. Kxb5 Kd6 78. Kxc4 Ba6+ 79. Kd4 Bb5 80. c4 Ba4 81. c5+ Kd7 82. Kc4 Bd1 83. Kb5 Bf3 84. d6 Bc6+ 85. Ka5 Bf3 86. Kb6 Bc6 87. Ka6 Bf3 88. a4 Kc6 89. Ka5 Bg4 90. Kb4 Be6 91. a5 Bc8 92. Kc4 Bb7 93. Kd4 Bc8 94. Ke5 Kxc5 95. a6 Kb6 96. Kf6 Kxa6 97. Ke7 Bh3 98. d7 Bxd7 1/2-1/2

[Event "DSOL 2021"]
[Site "Germany"]
[Date "2021.03.03"]
[Round "5.3"]
[White "Hillebrand, Philipp"]
[Black "Charmeteau, Sven"]
[Result "0-1"]
[WhiteElo "1866"]
[BlackElo "2346"]
[Annotator "TA"]
[PlyCount "36"]
[EventDate "2021.01.18"]
[EventType "team-tourn"]
[EventCountry "GER"]
[SourceTitle "playchess.com"]
[Source "ChessBase"]
[SourceQuality "1"]

1. c4 e5 2. d3 Nf6 3. Nf3 Nc6 4. g3 d5 5. cxd5 Nxd5 6. Nc3 Be7 7. Bg2 Nb6 8. O-O O-O 9. Be3 Be6 10. a3 f6 11. b4 a5 12. b5 Nd4 13. Nd2 c6 14. a4 cxb5 15. Bxd4 Qxd4 16. Nxb5 Qd7 17. Qb1 Bb4 18. Nc4 Nxa4 0-1

[Event "DSOL 2021"]
[Site "Germany"]
[Date "2021.03.03"]
[Round "5.3"]
[White "Denzer, Johannes"]
[Black "Kieselbach, Marvin"]
[Result "1-0"]
[WhiteElo "1858"]
[BlackElo "1652"]
[Annotator "NA RC"]
[PlyCount "91"]
[EventDate "2021.01.18"]
[EventType "team-tourn"]
[EventCountry "GER"]
[SourceTitle "playchess.com"]
[Source "ChessBase"]
[SourceQuality "1"]

1. e4 e6 2. Nf3 d5 3. Nc3 Nf6 4. e5 Nfd7 5. d4 c5 6. Bg5 Qb6 7. dxc5 Qxb2 8. Nb5 Qb4+ 9. c3 Qxc5 10. Be3 d4 11. cxd4 Qb4+ 12. Bd2 Qe7 13. Nc7+ Kd8 14. Nxa8 Nb6 15. Nxb6 axb6 16. Be2 Bd7 17. O-O Bc6 18. Qb3 Nd7 19. Rfc1 Qa3 20. Qxa3 Bxa3 21. Rcb1 f6 22. Bb4 Bxb4 23. Rxb4 Ke7 24. Bb5 Ra8 25. Bxc6 bxc6 26. exf6+ gxf6 27. a4 Ra5 28. Rc1 Kd6 29. Nd2 Ra6 30. Rbc4 Kd5 31. Rxc6 Rxa4 32. Nf3 Ra7 33. Rc7 Rxc7 34. Rxc7 Kd6 35. Rc1 b5 36. Kf1 Kd5 37. Ke2 h5 38. Kd3 e5 39. dxe5 fxe5 40. Nd2 Nc5+ 41. Rxc5+ Kxc5 42. Ke4 Kb4 43. Kxe5 Kc3 44. Ne4+ Kc2 45. f4 b4 46. Nc5 1-0

[Event "DSOL 2021"]
[Site "Germany"]
[Date "2021.03.04"]
[Round "5.3"]
[White "Bildat, Emilia"]
[Black "Lapin, Oleg"]
[Result "1-0"]
[WhiteElo "1852"]
[BlackElo "1832"]
[Annotator "NA RC"]
[PlyCount "107"]
[EventDate "2021.01.18"]
[EventType "team-tourn"]
[EventCountry "GER"]
[SourceTitle "playchess.com"]
[Source "ChessBase"]
[SourceQuality "1"]

1. c4 e5 2. g3 Nc6 3. Bg2 Nf6 4. Nc3 Bc5 5. a3 a5 6. d3 h6 7. e3 O-O 8. Nge2 d6 9. O-O Bg4 10. h3 Bd7 11. d4 exd4 12. exd4 Bb6 13. Be3 Re8 14. Nf4 Rb8 15. Nfd5 Nxd5 16. Nxd5 Ba7 17. b4 Qc8 18. Kh2 Ne7 19. Nxe7+ Rxe7 20. bxa5 c6 21. Bf4 Re6 22. c5 Ra8 23. Bxd6 Bb8 24. Bxb8 Qxb8 25. Qd2 Qd8 26. Qb4 Rxa5 27. Qxb7 Rb5 28. Qa6 Qb8 29. Rae1 Rf6 30. Re7 Qd8 31. Re2 g6 32. Qa4 Kg7 33. Qc2 h5 34. Qc3 Qa8 35. Ra1 Qa4 36. Rb2 Rxb2 37. Qxb2 h4 38. Rf1 hxg3+ 39. fxg3 Rxf1 40. Bxf1 Kf8 41. Bg2 Ke7 42. d5 cxd5 43. Bxd5 f6 44. Bg2 Bc6 45. Bxc6 Qxc6 46. Qb4 Kd7 47. Qd4+ Kc8 48. a4 Qf3 49. Qg4+ Qxg4 50. hxg4 Kc7 51. g5 f5 52. g4 fxg4 53. Kg3 Kc6 54. Kxg4 1-0

[Event "DSOL 2021"]
[Site "Germany"]
[Date "2021.03.02"]
[Round "5.3"]
[White "Blome, Johannes"]
[Black "Shikhman, Vladimir"]
[Result "1/2-1/2"]
[WhiteElo "1849"]
[BlackElo "1732"]
[Annotator "NA RC"]
[PlyCount "74"]
[EventDate "2021.01.18"]
[EventType "team-tourn"]
[EventCountry "GER"]
[SourceTitle "playchess.com"]
[Source "ChessBase"]
[SourceQuality "1"]

1. e4 d6 2. d4 Nf6 3. Nc3 g6 4. Nf3 Bg7 5. Bg5 O-O 6. Qd2 c6 7. Bh6 b5 8. a3 Bg4 9. Be2 a5 10. h4 Nbd7 11. Bxg7 Kxg7 12. e5 Nh5 13. Ne4 d5 14. Ng3 Nxg3 15. fxg3 Bxf3 16. gxf3 h5 17. g4 hxg4 18. fxg4 Rh8 19. h5 Nf8 20. O-O-O Ne6 21. hxg6 fxg6 22. g5 Qb6 23. Rh6 Raf8 24. Bg4 Nd8 25. e6 Qc7 26. Rxh8 Rxh8 27. Qe3 Qd6 28. Rf1 a4 29. c3 Rh4 30. Qf3 Rh8 31. Kd2 Qh2+ 32. Rf2 Qd6 33. Kd3 Qc7 34. Qe3 Rh4 35. Qf3 Rh8 36. Rf1 Qd6 37. Rf2 Qc7 1/2-1/2

[Event "DSOL 2021"]
[Site "Germany"]
[Date "2021.03.04"]
[Round "5.3"]
[White "Kanzler, Eduard"]
[Black "Voleske, Peter"]
[Result "1-0"]
[WhiteElo "1829"]
[BlackElo "1739"]
[Annotator "NA RC"]
[PlyCount "133"]
[EventDate "2021.01.18"]
[EventType "team-tourn"]
[EventCountry "GER"]
[SourceTitle "playchess.com"]
[Source "ChessBase"]
[SourceQuality "1"]

1. e4 c6 2. d4 d5 3. Nd2 dxe4 4. Nxe4 Nd7 5. Nf3 Ngf6 6. Bd3 Nxe4 7. Bxe4 Nf6 8. Bd3 Bg4 9. c3 e6 10. Bf4 Bd6 11. Qd2 Bxf3 12. gxf3 Bxf4 13. Qxf4 Nd5 14. Qg4 Qf6 15. O-O-O O-O-O 16. Kb1 g6 17. h4 h5 18. Qe4 Qe7 19. a4 Qc7 20. Rhe1 Qa5 21. Bc2 Rhe8 22. Qe5 Qc7 23. Qe4 Nb6 24. Qe2 Nd5 25. Qc4 Nb6 26. Qe2 Qd6 27. a5 Na8 28. a6 b6 29. Be4 Nc7 30. Qc4 Nd5 31. Bxd5 Qxd5 32. Qxd5 exd5 33. Re5 Rxe5 34. dxe5 b5 35. f4 Re8 36. Kc2 Re6 37. b4 f6 38. Re1 Kc7 39. Kd3 Kb6 40. Rg1 fxe5 41. fxe5 Kxa6 42. Kd4 Kb6 43. f4 a5 44. bxa5+ Kxa5 45. Rg5 b4 46. cxb4+ Kxb4 47. f5 gxf5 48. Rxf5 Rg6 49. Rg5 Rh6 50. Rf5 Kb5 51. Rf6 Rh8 52. e6 Rg8 53. Ke5 Kc5 54. e7 Re8 55. Ke6 d4 56. Kd7 Rh8 57. e8=Q Rxe8 58. Kxe8 d3 59. Ke7 Kd5 60. Rd6+ Ke4 61. Rxc6 d2 62. Rd6 Ke3 63. Kf6 Ke2 64. Kg5 d1=Q 65. Rxd1 Kxd1 66. Kxh5 Kd2 67. Kg6 1-0

[Event "DSOL 2021"]
[Site "Germany"]
[Date "2021.03.02"]
[Round "5.3"]
[White "Evers, Annika"]
[Black "Bede, Maxime"]
[Result "1-0"]
[WhiteElo "1808"]
[BlackElo "1660"]
[Annotator "NA RC"]
[PlyCount "65"]
[EventDate "2021.01.18"]
[EventType "team-tourn"]
[EventCountry "GER"]
[SourceTitle "playchess.com"]
[Source "ChessBase"]
[SourceQuality "1"]

1. d4 d5 2. Nf3 Nf6 3. e3 Bf5 4. c4 e6 5. Nc3 c6 6. Nh4 Bg4 7. Qb3 Qc7 8. h3 Bh5 9. Bd2 Be7 10. g4 Bg6 11. Nxg6 hxg6 12. Bg2 Nbd7 13. Rc1 Nb6 14. cxd5 Nbxd5 15. g5 Nd7 16. Bxd5 exd5 17. Nxd5 Qd6 18. Nxe7 Qxe7 19. Qxb7 Nb6 20. Qxe7+ Kxe7 21. Rxc6 Rac8 22. Rxc8 Rxc8 23. Bb4+ Ke6 24. Bc5 Na4 25. b4 Nxc5 26. bxc5 Rb8 27. O-O Rb2 28. Rc1 Kd7 29. a4 Ra2 30. Rb1 Rxa4 31. Rb7+ Ke6 32. Kg2 Ra6 33. Kf3 1-0

[Event "DSOL 2021"]
[Site "Germany"]
[Date "2021.03.02"]
[Round "5.3"]
[White "Henrich, Heinz"]
[Black "Sesterhenn, Jöerg"]
[Result "1-0"]
[WhiteElo "1808"]
[BlackElo "1919"]
[Annotator "TA"]
[PlyCount "61"]
[EventDate "2021.01.18"]
[EventType "team-tourn"]
[EventCountry "GER"]
[SourceTitle "playchess.com"]
[Source "ChessBase"]
[SourceQuality "1"]

1. Nf3 d5 2. d4 Nf6 3. Nbd2 Bf5 4. e3 e6 5. Bd3 Bxd3 6. cxd3 c5 7. O-O Nc6 8. dxc5 Bxc5 9. a3 a5 10. b3 Ng4 11. Bb2 h5 12. Qe2 Qe7 13. d4 Bb6 14. Qb5 Bc7 15. Rfc1 Rb8 16. h3 Nf6 17. h4 O-O 18. Qd3 Qd6 19. Ne5 Ng4 20. f4 Ne7 21. a4 Nf5 22. Ba3 Qd8 23. Nxg4 hxg4 24. Bxf8 Qxh4 25. Nf1 g3 26. Rxc7 Rxf8 27. Rac1 g5 28. fxg5 Nd6 29. g6 fxg6 30. Qxg6+ Kh8 31. Qg7# 1-0

[Event "DSOL 2021"]
[Site "Germany"]
[Date "2021.03.05"]
[Round "5.3"]
[White "Muedder, Rafael"]
[Black "Schmidt, Jan-Peter"]
[Result "1/2-1/2"]
[WhiteElo "1782"]
[BlackElo "2257"]
[Annotator "TA"]
[PlyCount "76"]
[EventDate "2021.01.18"]
[EventType "team-tourn"]
[EventCountry "GER"]
[SourceTitle "playchess.com"]
[Source "ChessBase"]
[SourceQuality "1"]
[WhiteTeam "SG Solingen I"]
[BlackTeam "Königsspringer Hamburg"]

1. e4 c5 2. Nf3 g6 3. d4 cxd4 4. Nxd4 Nc6 5. Nb3 Bg7 6. Be2 Nf6 7. Nc3 O-O 8. O-O d6 9. Re1 Be6 10. Bf1 a5 11. a4 Nb4 12. Nd4 Bd7 13. Ncb5 Bc6 14. c3 Na6 15. Nxc6 bxc6 16. Nd4 Qc7 17. Nb3 Rfb8 18. Bc4 d5 19. exd5 cxd5 20. Bxd5 Rd8 21. Bxa8 Rxd1 22. Rxd1 Ng4 23. Bf3 Qxh2+ 24. Kf1 h5 25. Nxa5 Nc5 26. Nc6 Qh4 27. Bxg4 hxg4 28. Be3 Ne4 29. a5 Qh1+ 30. Ke2 Qxg2 31. Rd8+ Kh7 32. a6 Qf3+ 33. Kd3 Nxf2+ 34. Kc2 Qe4+ 35. Kb3 Qe6+ 36. Kc2 Qe4+ 37. Kb3 Qe6+ 38. Kc2 Qe4+ 1/2-1/2

[Event "DSOL 2021"]
[Site "Germany"]
[Date "2021.03.05"]
[Round "5.3"]
[White "Hobmeier, Luis"]
[Black "Drozdov, Alexander S."]
[Result "0-1"]
[WhiteElo "1742"]
[BlackElo "2275"]
[Annotator "TA"]
[PlyCount "56"]
[EventDate "2021.01.18"]
[EventType "team-tourn"]
[EventCountry "GER"]
[SourceTitle "playchess.com"]
[Source "ChessBase"]
[SourceQuality "1"]
[WhiteTeam "SC Moosburg"]
[BlackTeam "SC Ansbach"]

1. e4 c5 2. Nf3 e6 3. d4 cxd4 4. Nxd4 a6 5. Nc3 Qc7 6. a3 Nf6 7. Be2 b5 8. O-O Bb7 9. Bf3 d6 10. Bg5 Nbd7 11. g3 Be7 12. Bg2 O-O 13. Nce2 Rac8 14. f3 h6 15. Be3 d5 16. exd5 Nxd5 17. Bf2 N7f6 18. c3 Rfd8 19. Qb3 Bc5 20. Rac1 Qb6 21. f4 Ng4 22. Bh1 Nde3 23. Bxe3 Nxe3 24. Rf2 Bxh1 25. Kxh1 Bxd4 26. Nxd4 Qxd4 27. cxd4 Rxc1+ 28. Rf1 Rxf1# 0-1

[Event "DSOL 2021"]
[Site "Germany"]
[Date "2021.03.05"]
[Round "5.3"]
[White "Kemper, Yannick"]
[Black "Ramirez Marin, Ivan"]
[Result "1/2-1/2"]
[WhiteElo "1733"]
[BlackElo "2227"]
[Annotator "TA"]
[PlyCount "110"]
[EventDate "2021.01.18"]
[EventType "team-tourn"]
[EventCountry "GER"]
[SourceTitle "playchess.com"]
[Source "ChessBase"]
[SourceQuality "1"]
[WhiteTeam "SK Ludwigshafen I"]
[BlackTeam "SV Osnabrück"]

1. e4 c5 2. Nf3 Nc6 3. d4 cxd4 4. Nxd4 e5 5. Nb5 d6 6. N1c3 a6 7. Na3 b5 8. Nd5 Nce7 9. c4 Nxd5 10. exd5 bxc4 11. Nxc4 Nf6 12. Be3 Rb8 13. Be2 Be7 14. O-O O-O 15. Rc1 Rb5 16. a4 Rxd5 17. Qc2 g6 18. Nb6 Bf5 19. Qc7 Qxc7 20. Rxc7 Bd8 21. Nxd5 Nxd5 22. Rc6 Nxe3 23. fxe3 Bg5 24. Rxd6 Bxe3+ 25. Kh1 a5 26. Rd5 Bd4 27. Rxa5 Bxb2 28. Rb5 Bd4 29. a5 Rc8 30. a6 Rc2 31. a7 Bxa7 32. Rxe5 Bd4 33. Rd5 Rxe2 34. Rxd4 Be4 35. Rg1 h5 36. h4 Kg7 37. Kh2 Kf6 38. Kh3 Re3+ 39. Kh2 Ke5 40. Rd2 f6 41. g3 g5 42. hxg5 fxg5 43. g4 h4 44. Rf2 Bf3 45. Rgf1 Bxg4 46. Rg2 Re4 47. Rfg1 Kf5 48. Rf1+ Kg6 49. Rf8 Be6 50. Re8 Kh6 51. Rh8+ Kg7 52. Rh5 Kf6 53. Rgxg5 Re2+ 54. Kg1 h3 55. Rg3 Re1+ 1/2-1/2

[Event "DSOL 2021"]
[Site "Germany"]
[Date "2021.03.03"]
[Round "5.3"]
[White "Muenz, Werner"]
[Black "Sabrowski, Uwe"]
[Result "0-1"]
[WhiteElo "1714"]
[BlackElo "1815"]
[Annotator "NA RC"]
[PlyCount "62"]
[EventDate "2021.01.18"]
[EventType "team-tourn"]
[EventCountry "GER"]
[SourceTitle "playchess.com"]
[Source "ChessBase"]
[SourceQuality "1"]

1. e4 c5 2. Nf3 e6 3. d4 cxd4 4. Nxd4 Bc5 5. Be3 Qb6 6. b3 Nf6 7. Qd3 d5 8. Nc3 dxe4 9. Nxe4 Nxe4 10. Qxe4 Qb4+ 11. Kd1 Nd7 12. Bb5 O-O 13. Bxd7 Bxd7 14. a3 Qc3 15. Rb1 Bxa3 16. Bd2 Qc7 17. b4 e5 18. Rb3 exd4 19. Rxa3 Rac8 20. Rxa7 Rfe8 21. Qd3 Bb5 22. Qb3 d3 23. c3 Re2 24. Ra5 Bc4 25. Qa3 Rxd2+ 26. Kxd2 Qf4+ 27. Kd1 Qxf2 28. Qa4 b5 29. Ra8 Bb3+ 30. Qxb3 Rxa8 31. Qb1 Ra1 0-1

[Event "DSOL 2021"]
[Site "Germany"]
[Date "2021.03.05"]
[Round "5.3"]
[White "Hermes, Simon"]
[Black "Jurkatis, Hagen"]
[Result "0-1"]
[WhiteElo "1646"]
[BlackElo "1961"]
[Annotator "TA"]
[PlyCount "44"]
[EventDate "2021.01.18"]
[EventType "team-tourn"]
[EventCountry "GER"]
[SourceTitle "playchess.com"]
[Source "ChessBase"]
[SourceQuality "1"]
[WhiteTeam "SK Johanneum Eppendorf III"]
[BlackTeam "SG Weißensee I"]

1. d4 e6 2. Nf3 f5 3. g3 Nf6 4. Bg2 Be7 5. O-O d6 6. c4 O-O 7. Nc3 Ne4 8. Nxe4 fxe4 9. Nd2 d5 10. f3 Nc6 11. fxe4 Rxf1+ 12. Nxf1 dxc4 13. Be3 Bd7 14. e5 Rb8 15. Nd2 b5 16. Ne4 Be8 17. b3 Nb4 18. bxc4 bxc4 19. Nc3 Bg6 20. Qd2 Nc2 21. Rc1 Nxe3 22. Qxe3 Bg5 0-1